000 00886nam a2200277 4500
003 EG-GICUC
005 20260304113408.0
008 260304s1972 be |||f |||| 00| 0 Fre d
040 _a EG-GICUC
_bfre
_c EG-GICUC
_d EG-GICUC
_erda
082 0 4 _a341.33
_bM O . M
_221
092 0 4 _221
099 _aLaw1 11 341.33 M O . M 1972
100 1 _aMoussa Farag
_eAuteur
245 _aManuel De Pratique Diplomatique (L'Ambassade) /
_cFarag Moussa.
264 _aBruxelles:
_bEtablissements Emile Bruylant, S. A. ,
_c1972.
300 _a411 Pages ;
_c24 Cm.
336 _2rda content
_atext
337 _2rda media
_aComputer
338 _2rda carrier
_aOnline Resource
546 _aTexte en français
650 1 4 _a Droit international public
_2qrmak
651 1 _2qrmak
856 4 0 _uhttps://fll.law.cu.edu.eg/fulltext/bks/B11-08471.pdf
905 _a64
942 _2ddc
_cBK
_e21
_n0
999 _c64916
_d64916